[Event "7e Festival de Vaujany 2016 -accession"]
[Site "Vaujany "]
[Date "2016.07.16"]
[Round "6.8"]
[White "Bohli, Adam"]
[Black "Pierron, Baptiste"]
[Result "0-1"]
[WhiteElo "1650"]
[BlackElo "1677"]
[PlyCount "53"]
[EventDate "2016.??.??"]
[WhiteTeam "Marseille Echecs"]
[BlackTeam "Mulhouse Philidor"]

1. e4 c6 2. Nc3 d5 3. Nf3 Bg4 4. Be2 e6 5. O-O Nf6 6. Ne5 Bxe2 7. Qxe2 Be7 8.
d3 O-O 9. Ng4 Nbd7 10. f4 Qb6+ 11. Kh1 dxe4 12. Nxf6+ Nxf6 13. Nxe4 Rfd8 14.
Be3 Qa6 15. Nxf6+ Bxf6 16. f5 exf5 17. Rxf5 Bxb2 18. Raf1 Rd7 19. Qg4 Qxa2 20.
Rb5 Re7 21. Rxb2 Qxb2 22. Bd4 f5 23. Qg5 Qb4 24. Bf6 Rf7 25. Ba1 Qg4 26. Qe3 f4
27. Qe4 0-1

[Event "7e Festival de Vaujany 2016 -accession"]
[Site "Vaujany "]
[Date "2016.07.16"]
[Round "6.9"]
[White "Arcusa, Michel"]
[Black "Jean, Robert"]
[Result "1-0"]
[WhiteElo "1886"]
[BlackElo "1733"]
[PlyCount "73"]
[EventDate "2016.??.??"]
[WhiteTeam "Cercle d'Echecs du Roannais"]
[BlackTeam "Club d'Echecs de l'Arpajonnais"]

1. Nf3 Nf6 2. g3 g6 3. Bg2 Bg7 4. O-O O-O 5. d4 d6 6. c4 Nc6 7. Nc3 Bd7 8. e4
a6 9. h3 Rb8 10. Qe2 e5 11. Be3 exd4 12. Nxd4 Re8 13. Nc2 Re7 14. Bg5 Be6 15.
f4 Qc8 16. Nd5 Bxd5 17. cxd5 Na7 18. e5 h6 19. Bxf6 Bxf6 20. e6 fxe6 21. dxe6
Kg7 22. f5 Nb5 23. Qg4 Qe8 24. a4 Na7 25. Ne3 c6 26. fxg6 Rxe6 27. Nf5+ Kg8 28.
Nxh6+ Kg7 29. Nf5+ Kg8 30. Qh5 Qd7 31. Bf3 Nc8 32. Bg4 Re5 33. Nh6+ Kg7 34.
Qxe5 dxe5 35. Bxd7 Bg5 36. Ng4 Kxg6 37. Rf8 1-0

[Event "7e Festival de Vaujany 2016 -accession"]
[Site "Vaujany "]
[Date "2016.07.16"]
[Round "6.10"]
[White "Boghossian, Hugo"]
[Black "Mathieu, Phileas"]
[Result "0-1"]
[WhiteElo "1682"]
[BlackElo "1881"]
[PlyCount "39"]
[EventDate "2016.??.??"]
[WhiteTeam "CE Vitrolles"]
[BlackTeam "Echecs Club Oullins"]

1. e4 e6 2. Nc3 d5 3. g3 Nf6 4. Bg2 Be7 5. e5 Nfd7 6. d4 c5 7. f4 Nc6 8. Nge2
a6 9. O-O cxd4 10. Nb1 (10. Nxd4 $2 Nxd4 11. Qxd4 Bc5) 10... Bc5 11. Kh1 b5 12.
Nd2 Bb7 13. Nb3 Qb6 14. a4 O-O 15. Bd2 a5 16. axb5 Qxb5 17. Be1 a4 18. Nexd4
Nxd4 19. Nxc5 Nxc5 20. Qxd4 {suite illisible} 0-1

[Event "7e Festival de Vaujany 2016 -accession"]
[Site "Vaujany "]
[Date "2016.07.16"]
[Round "6.14"]
[White "Sudomir, Jean-Denis"]
[Black "Blanter, Sofya"]
[Result "1-0"]
[WhiteElo "1770"]
[BlackElo "1712"]
[PlyCount "96"]
[EventDate "2016.??.??"]
[WhiteTeam "Cercle d'Echecs d'Evian"]

1. g3 d5 2. Bg2 Nf6 3. d4 e6 4. Nf3 c5 5. c3 Nc6 6. a3 c4 7. Bf4 Be7 8. O-O O-O
9. Qc2 b5 10. Nbd2 Bb7 11. e4 dxe4 12. Nxe4 Nxe4 13. Qxe4 Na5 14. Qc2 Bd5 15.
Rfe1 Re8 16. Re5 g6 17. Rae1 Nc6 18. R5e2 Rc8 19. h4 Qd7 20. h5 Bf6 21. Kh2 a5
22. Ne5 Nxe5 23. Bxe5 Bxg2 24. Bxf6 Bb7 25. Re5 Qc6 26. R5e4 Red8 27. Qd2 Qe8
28. hxg6 fxg6 29. Rxe6 Qf7 30. Re7 Qxf6 31. Rxb7 Rd5 32. Ree7 Rh5+ 33. Kg2 Rf8
34. Qe3 Qf5 35. Qe6+ Qxe6 36. Rxe6 Rf7 37. Rxf7 Kxf7 38. Re5 Rxe5 39. dxe5 Ke6
40. f4 h5 41. Kf2 g5 42. Kg2 g4 43. Kf2 a4 44. Ke2 Kd5 45. Ke3 Ke6 46. Ke4 Ke7
47. f5 Kf7 48. Kf4 Kg7 1-0

[Event "7e Festival de Vaujany 2016 -accession"]
[Site "Vaujany "]
[Date "2016.07.16"]
[Round "7.1"]
[White "Billotti, Romain"]
[Black "Gamba, Killian"]
[Result "0-1"]
[WhiteElo "1828"]
[BlackElo "1867"]
[PlyCount "104"]
[EventDate "2016.??.??"]
[WhiteTeam "Club d'Echecs de l'Agglomeration Chamberienne"]
[BlackTeam "Cluses - St Jeoire"]

1. d4 d5 2. c4 c6 3. e3 Nf6 4. Nc3 e6 5. Nf3 Nbd7 6. Be2 dxc4 7. Bxc4 b5 8. Bd3
Bb7 (8... a6 9. e4 c5 10. e5 cxd4 11. Nxb5 axb5 12. exf6 gxf6) 9. O-O a6 10. e4
b4 (10... c5 11. d5 c4 (11... Qc7)) 11. Ne2 (11. Na4 c5 12. e5 Nd5) 11... c5
12. e5 Nd5 13. Bd2 (13. Bg5 Qb6 14. Rc1 h6 15. Bh4 g5 16. Bg3 Rg8 17. Nd2 h5
18. Nc4 Qa7 19. f3 cxd4 20. Bf2 Ne3 21. Bxe3 dxe3 22. Be4 g4 23. Nd6+ Bxd6 24.
Qxd6 gxf3 25. Rc7 Rxg2+ 26. Kh1 Rd8 27. Rxb7 fxe2 28. Re1 Rf2 29. Rxa7 Rf1+ 30.
Kg2 Rxe1 31. Bc6 {1-0 (31) Spielmann,R-Pirc,V Sliac 1932}) 13... Rc8 14. Rc1 g6
15. Re1 Bg7 16. Nf4 Nxf4 17. Bxf4 O-O 18. dxc5 (18. Be4) 18... Rxc5 19. Qe2 Qa8
20. Be4 Rfc8 21. Bxb7 Qxb7 22. Rxc5 Rxc5 23. Rd1 Rd5 24. h3 Nb6 25. Rxd5 Nxd5
26. Qc4 a5 27. Bg3 a4 28. Nd2 a3 29. bxa3 bxa3 30. Nb3 Qc7 31. Qa4 $6 (31. Qxc7
Nxc7 $11) 31... Bxe5 32. Bxe5 Qxe5 33. Qxa3 Qe1+ 34. Kh2 Qxf2 35. Qa8+ Kg7 36.
a4 Qf4+ 37. Kh1 Nb6 38. Qc6 Nxa4 39. Na5 Qf1+ 40. Kh2 Qf4+ 41. Kh1 Qd4 42. Nc4
Nc3 43. Qc7 Ne2 44. Qe5+ Qxe5 45. Nxe5 f6 46. Nf3 f5 47. Kh2 Kf6 48. g3 e5 49.
Kg2 Nd4 50. Ne1 e4 51. Kf2 Ke5 52. Ke3 g5 0-1

[Event "7e Festival de Vaujany 2016 -accession"]
[Site "Vaujany "]
[Date "2016.07.16"]
[Round "7.2"]
[White "Laronche, Thomas"]
[Black "Dubois, Herve"]
[Result "0-1"]
[WhiteElo "1800"]
[BlackElo "1863"]
[PlyCount "86"]
[EventDate "2016.??.??"]
[WhiteTeam "Echecs Club de Corbas"]
[BlackTeam "Genas Echecs"]

1. e4 c5 2. Na3 g6 3. c3 Bg7 4. d3 Nc6 5. Be3 b6 6. g3 Bb7 7. Bg2 e6 8. Ne2
Nge7 9. O-O O-O 10. Qd2 d5 11. Bh6 dxe4 12. dxe4 Qxd2 13. Bxd2 Ba6 14. Rfe1
Rad8 15. Bg5 h6 16. Bf4 Rd7 17. Nc1 Rfd8 18. Rb1 Ne5 19. Bxe5 Bxe5 20. Nb3 c4
21. Na1 Bd6 22. N3c2 Nc6 23. Red1 (23. Rbd1 Be7 24. Ne3 Ne5 25. Rxd7 Rxd7 26.
Nac2 Nd3) 23... Be7 24. Ne3 Ne5 25. Rxd7 Rxd7 26. Nac2 Nd3 27. Kf1 Bc5 28. Ke2
Kg7 29. Ne1 h5 30. Rd1 g5 31. Nxd3 cxd3+ 32. Kd2 Kg6 33. Bf1 f5 34. f3 f4 35.
Ng2 e5 36. gxf4 exf4 37. b3 Kf6 38. a4 Ke5 39. b4 Bg1 40. h3 Bc4 41. Re1 a6 42.
a5 b5 43. Rd1 Bf2 0-1

[Event "7e Festival de Vaujany 2016 -accession"]
[Site "Vaujany "]
[Date "2016.07.16"]
[Round "7.3"]
[White "Pierron, Baptiste"]
[Black "Terwagne, Bertrand"]
[Result "1-0"]
[WhiteElo "1677"]
[BlackElo "1780"]
[PlyCount "47"]
[EventDate "2016.??.??"]
[WhiteTeam "Mulhouse Philidor"]

1. e4 e5 2. Nf3 Nc6 3. Bc4 Bc5 4. b4 Bxb4 5. c3 Ba5 6. d4 exd4 7. O-O Nge7 8.
cxd4 d5 9. exd5 Nxd5 10. Qb3 Nce7 11. Ba3 c6 12. Bxe7 Kxe7 13. Nbd2 b5 14. Bxd5
Qxd5 15. Qa3+ b4 16. Rfe1+ Be6 17. Qa4 b3 18. Re5 Qd8 19. Rxa5 bxa2 20. Ne5 Bd5
21. Rxa7+ Rxa7 22. Qxa7+ Kf6 23. Ndf3 Qb8 24. Nd7+ 1-0

[Event "7e Festival de Vaujany 2016 -accession"]
[Site "Vaujany "]
[Date "2016.07.16"]
[Round "7.4"]
[White "Grossmann, Brunelle"]
[Black "Sabatier, Mathis"]
[Result "0-1"]
[WhiteElo "1661"]
[BlackElo "1779"]
[PlyCount "86"]
[EventDate "2016.??.??"]
[WhiteTeam "Arsenal"]
[BlackTeam "Echecs Club de Corbas"]

1. d4 d5 2. Nf3 Nf6 3. c4 dxc4 4. Nc3 a6 5. a4 c5 6. e3 Nc6 7. Bxc4 Bg4 8. d5
Na5 9. Be2 e6 10. e4 exd5 11. e5 d4 12. Nxd4 Bxe2 13. Qxe2 (13. Ndxe2 Qxd1+ 14.
Nxd1 $15) 13... Nd5 14. Nxd5 Qxd5 15. Nf3 Nb3 16. Rb1 Be7 17. O-O O-O 18. Be3
Qe4 19. Rbd1 Rad8 20. Rxd8 Rxd8 21. Rd1 Nd4 22. Qf1 Nxf3+ 23. gxf3 Qxe5 24.
Rxd8+ Bxd8 25. Qd3 Bc7 26. f4 Qd6 27. Qe4 Qg6+ 28. Qxg6 fxg6 29. Bxc5 Bxf4 30.
b4 Kf7 31. Kg2 Ke6 32. h3 Bd6 33. Bd4 Bxb4 34. Bxg7 b5 35. axb5 axb5 36. Kf3
Kf5 37. Bh6 Bc5 38. Bg7 b4 39. Bb2 b3 40. h4 h5 41. Kg3 Ke4 42. f4 Bd6 43. Bc1
Bxf4+ 0-1

[Event "7e Festival de Vaujany 2016 -accession"]
[Site "Vaujany "]
[Date "2016.07.16"]
[Round "7.5"]
[White "Goubet, Alain"]
[Black "Arcusa, Michel"]
[Result "0-1"]
[WhiteElo "1603"]
[BlackElo "1886"]
[PlyCount "38"]
[EventDate "2016.??.??"]
[WhiteTeam "Club d'Echecs de l'Agglomeration Chamberienne"]
[BlackTeam "Cercle d'Echecs du Roannais"]

1. f4 Nf6 2. d4 c5 3. e3 e6 4. c3 Ne4 5. Nf3 b6 6. Bd3 Bb7 7. Nbd2 f5 8. O-O
Be7 9. Bxe4 fxe4 10. Ne5 O-O 11. Qg4 Qc8 12. Rf2 b5 13. f5 d6 14. Ng6 hxg6 15.
fxg6 Rxf2 16. Kxf2 Qf8+ 17. Ke2 Qf5 18. Qg3 Qh5+ 19. Kf1 Bh4 0-1

[Event "7e Festival de Vaujany 2016 -accession"]
[Site "Vaujany "]
[Date "2016.07.16"]
[Round "7.6"]
[White "Mathieu, Phileas"]
[Black "Sudomir, Jean-Denis"]
[Result "1-0"]
[WhiteElo "1881"]
[BlackElo "1770"]
[PlyCount "79"]
[EventDate "2016.??.??"]
[WhiteTeam "Echecs Club Oullins"]
[BlackTeam "Cercle d'Echecs d'Evian"]

1. e4 d6 2. d4 Nf6 3. Nc3 c6 4. Bd3 e5 5. Nge2 Bg4 6. f3 Bh5 7. Be3 Nbd7 8. Qd2
b5 9. a3 Be7 10. O-O-O Nb6 11. Nxb5 cxb5 12. Bxb5+ Kf8 13. dxe5 dxe5 14. Qc3
Qc8 15. Qxe5 Nc4 16. Bxc4 Qxc4 17. Nc3 Re8 18. Qa5 a6 19. Rd3 h6 20. Rhd1 Kg8
21. b3 Qc6 22. Kb2 Rc8 23. R1d2 Kh7 24. e5 Ne8 25. Nd5 Qe6 26. Nf4 Qf5 27. g4
Bxg4 28. fxg4 Qxg4 29. Qxa6 Nc7 30. Qc4 Ne6 31. Qe4+ g6 32. Rg2 Qf5 33. Qxf5
gxf5 34. Nxe6 fxe6 35. Rd7 Rhe8 36. b4 Rc4 37. Bc5 Kh8 38. Rxe7 Rxe7 39. Bxe7
f4 40. Bf6+ 1-0

[Event "7e Festival de Vaujany 2016 -accession"]
[Site "Vaujany "]
[Date "2016.07.16"]
[Round "7.7"]
[White "Vlaar, Shannon"]
[Black "Virag, Balint"]
[Result "1-0"]
[WhiteElo "1830"]
[BlackElo "1762"]
[PlyCount "47"]
[EventDate "2016.??.??"]

1. e4 e6 2. d4 d5 3. Nc3 Nf6 4. e5 Nfd7 5. Nce2 c5 6. c3 Nc6 7. f4 Qb6 8. Nf3
cxd4 9. Nexd4 Bc5 10. Be2 O-O 11. b4 Bxd4 12. Nxd4 a6 13. Be3 Qc7 14. O-O Ne7
15. Qd3 b5 16. Rf3 Bb7 17. Rh3 Ng6 18. Bh5 Qc4 19. Qd2 Ne7 20. Bf2 Rfc8 21. Re1
g6 22. Bg4 Nf8 23. Bh4 Nc6 24. Be2 1-0

[Event "7e Festival de Vaujany 2016 -accession"]
[Site "Vaujany "]
[Date "2016.07.16"]
[Round "7.8"]
[White "Roche, Yves"]
[Black "Dreyfus, Jacques"]
[Result "1-0"]
[WhiteElo "1828"]
[BlackElo "1601"]
[PlyCount "70"]
[EventDate "2016.??.??"]
[WhiteTeam "Echiquier Grenoblois"]
[BlackTeam "l'Echiquier de La Ville Montreuil"]

1. d4 d5 2. Nf3 Nf6 3. Bg5 e6 4. e3 c6 5. Nbd2 Be7 6. Bd3 Nbd7 7. c3 h6 8. Bh4
O-O 9. Ne5 Nxe5 10. dxe5 Nd7 11. Bg3 f5 12. exf6 Bxf6 13. O-O e5 14. e4 Nb6 15.
Qe2 Re8 16. Rfd1 Na4 17. Nf1 Nc5 18. Bc2 d4 19. cxd4 exd4 20. Qc4+ Ne6 21. e5
Bg5 22. f4 Bh4 23. f5 Bxg3 24. Nxg3 c5 25. fxe6 Bxe6 26. Qd3 Bf7 27. Qh7+ Kf8
28. Nf5 Qg5 29. Rf1 Bg8 30. Nxh6+ Ke7 31. Nxg8+ Rxg8 32. Qe4 Rad8 33. Qxb7+ Rd7
34. Rf7+ Kxf7 35. Qxd7+ Qe7 1-0

[Event "7e Festival de Vaujany 2016 -accession"]
[Site "Vaujany "]
[Date "2016.07.16"]
[Round "7.9"]
[White "Berger, Konogan"]
[Black "Stamboulian, Brice"]
[Result "1-0"]
[WhiteElo "1800"]
[BlackElo "1820"]
[PlyCount "66"]
[EventDate "2016.??.??"]
[WhiteTeam "A.E.A.A. "]
[BlackTeam "Echiquier Grenoblois"]

1. d4 Nf6 2. Nf3 e6 3. e3 b6 4. Bd3 Bb7 5. O-O d5 6. b3 Bd6 7. Bb2 O-O 8. Nbd2
Nbd7 9. Ne5 c5 10. f4 Ne4 11. Qe2 f5 12. Ndf3 Rf6 $6 13. Nxd7 Qxd7 14. dxc5
Bxc5 15. Bxf6 Nxf6 16. Ne5 Qe7 17. Kh1 d4 18. exd4 Bxd4 19. Rad1 Bxe5 20. Qxe5
Ng4 21. Qe1 Rf8 22. h3 Nh6 23. Bc4 Rf6 24. Rd2 Rg6 25. Bd5 Ba6 26. Rf3 Qf6 27.
Bxe6+ Kf8 (27... Qxe6 28. Re3) 28. Re3 Ng4 29. hxg4 fxg4 30. Bc4 Rh6+ 31. Kg1
Bxc4 32. Re8+ Kf7 33. Rd7+ Kg6 1-0

[Event "7e Festival de Vaujany 2016 -accession"]
[Site "Vaujany "]
[Date "2016.07.16"]
[Round "7.10"]
[White "Goyer, Lionel"]
[Black "Prudent, Sylvio"]
[Result "1-0"]
[WhiteElo "1807"]
[BlackElo "1676"]
[PlyCount "59"]
[EventDate "2016.??.??"]
[WhiteTeam "Cercle des Echecs de Vichy"]
[BlackTeam "Arsenal"]

1. d4 f5 2. c4 e6 3. Nf3 Nf6 4. Nc3 Be7 5. g3 d5 6. Bg2 c6 7. O-O O-O 8. Qb3
Kh8 9. Bf4 Ne4 10. Rad1 Nd7 11. cxd5 exd5 12. Rfe1 Bg5 13. Nxg5 Nxg5 14. a4 Qe7
15. h4 Ne6 16. Bc1 Qf6 17. e3 g5 18. hxg5 Nxg5 19. Ne2 Qh6 20. Nf4 Nf6 21. f3
Nh5 22. Nxh5 Qxh5 23. Kf2 Rg8 24. Rh1 Qg6 25. Rdg1 Bd7 26. Bf1 Rae8 27. Bd3 Qf6
28. Qxb7 f4 29. gxf4 Nh3+ 30. Rxh3 1-0